Kural, (Record no. 67323)

MARC details
000 -LEADER
fixed length control field 00768cam a22002411 4500
001 - CONTROL NUMBER
control field sa 66000581
003 - CONTROL NUMBER IDENTIFIER
control field DLC
005 - DATE AND TIME OF LATEST TRANSACTION
control field 20260227112216.0
008 - FIXED-LENGTH DATA ELEMENTS--GENERAL INFORMATION
fixed length control field 730522s1965 xx 000 0 eng
010 ## - LIBRARY OF CONGRESS CONTROL NUMBER
LC control number sa 66000581
035 ## - SYSTEM CONTROL NUMBER
System control number (OCoLC)627299
040 ## - CATALOGING SOURCE
Original cataloging agency DLC
Transcribing agency OWibfU
Modifying agency OCoLC
-- DLC
042 ## - AUTHENTICATION CODE
Authentication code premarc
050 00 - LIBRARY OF CONGRESS CALL NUMBER
Classification number PL4758.9.T5
Item number A27
100 0# - MAIN ENTRY--PERSONAL NAME
Personal name Tiruvalluvar.
245 10 - TITLE STATEMENT
Title Kural,
Remainder of title the great book of Tiru-Valluvar.
Statement of responsibility, etc. Selections from Books I & II with English translation and notes by C. Rajagopalachari.
250 ## - EDITION STATEMENT
Edition statement [1st ed.]
260 ## - PUBLICATION, DISTRIBUTION, ETC.
Place of publication, distribution, etc. Bombay,
Name of publisher, distributor, etc. Bharatiya Vidya Bhavan,
Date of publication, distribution, etc. 1965.
300 ## - PHYSICAL DESCRIPTION
Extent viii, 200 p.
Dimensions 19 cm.
440 #0 - SERIES STATEMENT/ADDED ENTRY--TITLE
Title Bhavan's book university
500 ## - GENERAL NOTE
General note English and Tamil.
700 1# - ADDED ENTRY--PERSONAL NAME
Personal name Rajagopalachari, C.
Fuller form of name (Chakravarti),
Dates associated with a name 1878-1972.

No items available.

Powered by Koha